000 00751nam a2200241 i 4500
999 _c7033
_d7033
001 7033
003 BD-JhCC
005 20180416101347.0
008 770810m19659999enka j 000 0 eng
035 _a(BD-JhCC)7033
040 _aDLC
_cDLC
_dDLC
_d(BD-JhCC)
041 _aeng
050 0 0 _aGB1203.8
_b.R58
082 0 0 _a910/.02/1693
_bRIV 1965
245 0 0 _aRivers of the world /
260 _aLondon :
_bOxford University Press,
_c1965-
300 _av. :
_bill. ;
_c21 cm.
490 _aSeries 2
505 1 _a --ser. 3. Popescu, J. The Danube. Popescu, J. The Volga. Whittam, G. The Rhine. Popescu, J. The Po. Hoffer, M. The Vistula. MacColl, A. The Loire.
650 0 _aRivers
_xJuvenile literature.
942 _2ddc
_cBK